| 000 | 00407nam a2200133Ia 4500 | ||
|---|---|---|---|
| 008 | 210430s9999 xx 000 0 und d | ||
| 020 | _a9780080533827 | ||
| 082 | _a622.44 H2331 N | ||
| 100 | _aHari Singh Nalwa | ||
| 245 |
_aHandbook of Surfaces and Interfaces of Materials Vol 4, Five volume set / _cHari Singh Nalwa |
||
| 260 |
_aSan Diego _bAcademic Press _c2001 |
||
| 300 | _a611p. | ||
| 942 |
_cBK _2ddc |
||
| 999 |
_c563053 _d563053 |
||